Podium du Ballon d'or : Trouvez l'Année ! - Statistiques

Statistiques générales
  • Ce quiz a été pris 93 fois
  • Le résultat moyen est 38 sur 68
Statistiques - réponses
Vainqueur Deuxième Troisième Année % Correct
Cristiano Ronaldo Lionel Messi Antoine Griezmann 2016
100%
Lionel Messi Virgil Van Dijk Cristiano Ronaldo 2019
89%
Lionel Messi Robert Lewandowski Jorginho 2021
89%
Lionel Messi Erling Haaland Kylian Mbappé 2023
88%
Luka Modric Cristiano Ronaldo Antoine Griezmann 2018
86%
Lionel Messi Cristiano Ronaldo Andres Iniesta 2012
80%
Karim Benzema Sadio Mané Kevin De Bruyne 2022
80%
Rodri Vinicius Junior Jude Bellingham 2024
80%
Cristiano Ronaldo Lionel Messi Franck Ribery 2013
76%
Cristiano Ronaldo Lionel Messi Neymar Jr 2017
76%
Cristiano Ronaldo Lionel Messi Fernando Torres 2008
74%
Lionel Messi Cristiano Ronaldo Xavi 2011
74%
Zinedine Zidane Davor Suker Ronaldo Nazario 1998
73%
Fabio Cannavaro Gianluigi Buffon Thierry Henry 2006
73%
Lionel Messi Andres Iniesta Xavi 2010
73%
Cristiano Ronaldo Lionel Messi Manuel Neuer 2014
73%
Pavel Nedved Thierry Henry Paolo Maldini 2003
70%
Kaka Cristiano Ronaldo Lionel Messi 2007
70%
Ronaldo Nazario Roberto Carlos Oliver Kahn 2002
68%
Andriy Shevchenko Deco Ronaldinho 2004
66%
Lionel Messi Cristiano Ronaldo Xavi 2009
66%
Alfredo Di Stefano Raymond Kopa John Charles 1959
64%
Lionel Messi Cristiano Ronaldo Neymar Jr 2015
64%
Rivaldo David Beckham Andriy Shevchenko 1999
62%
Michael Owen Raul Oliver Kahn 2001
62%
Ruud Gullit Paulo Futre Emilio Butragueno 1987
59%
Luis Figo Zinedine Zidane Andriy Shevchenko 2000
58%
Eusébio Giacinto Facchetti Luis Suárez 1965
57%
Jean-Pierre Papin Dejan Savicevic Lothar Matthaus 1991
57%
Marco Van Basten Hristo Stoichkov Dennis Bergkamp 1992
57%
Ronaldo Nazario Predrag Mijatović Zinedine Zidane 1997
55%
George Weah Jürgen Klinsmann Jari Litmanen 1995
54%
Franz Beckenbauer Gerd Müller Günter Netzer 1972
53%
Marco Van Basten Ruud Gullit Frank Rijkaard 1988
51%
Hristo Stoichkov Roberto Baggio Paolo Maldini 1994
51%
Matthias Sammer Ronaldo Nazario Alan Shearer 1996
51%
Ronaldinho Frank Lampard Steven Gerrard 2005
51%
Raymond Kopa Helmut Rahn Just Fontaine 1958
50%
Josef Masopust Eusébio Karl-Heinz Schnellinger 1962
50%
Johan Cruyff Sandro Mazzola George Best 1971
50%
Alfredo Di Stefano Billie Wright Raymond Kopa 1957
49%
Luis Suárez Ferenc Puskas Uwe Seeler 1960
49%
Florian Albert Bobby Charlton Jimmy Johnstone 1967
47%
Allan Simonsen Kevin Keegan Michel Platini 1977
47%
Igor Belanov Gary Lineker Emilio Butragueno 1986
47%
Franz Beckenbauer Rob Rensenbrink Ivo Viktor 1976
46%
Roberto Baggio Dennis Bergkamp Eric Cantona 1993
46%
George Best Bobby Charlton Dragan Džajić 1968
45%
Gerd Müller Bobby Moore Luigi Riva 1970
45%
Gianni Rivera Luigi Riva Gerd Müller 1969
43%
Johan Cruyff Franz Beckenbauer Kazimierz Deyna 1974
43%
Michel Platini Kenny Dalglish Allan Simonsen 1983
43%
Omar Sivori Luis Suárez Johnny Haynes 1961
42%
Johan Cruyff Dino Zoff Gerd Müller 1973
42%
Michel Platini Preben Elkjær Larsen Bernd Schuster 1985
42%
Lothar Matthaus Salvatore Schillaci Andreas Brehme 1990
42%
Oleg Blokhine Franz Beckenbauer Johan Cruyff 1975
41%
Kevin Keegan Hans Krankl Rob Rensenbrink 1978
41%
Marco Van Basten Franco Baresi Frank Rijkaard 1989
41%
Denis Law Luis Suárez Amancio Amaro 1964
39%
Bobby Charlton Eusébio Franz Beckenbauer 1966
35%
Michel Platini Jean Tigana Preben Elkjær Larsen 1984
35%
Stanley Matthews Alfredo Di Stefano Raymond Kopa 1956
32%
Karl-Heinz Rummenigge Bernd Schuster Michel Platini 1980
30%
Karl-Heinz Rummenigge Paul Breitner Bernd Schuster 1981
30%
Kevin Keegan Karl-Heinz Rummenigge Ruud Krol 1979
28%
Lev Yachine Gianni Rivera Jimmy Greaves 1963
27%
Paolo Rossi Alain Giresse Zbigniew Boniek 1982
27%
Aucun quiz correspondant
Distribution des résultats
% des personnes avec chaque résultat
Percentile par nombre de réponses
Votre historique - résultats
Vous n’avez pas pris ce quiz